000 00566nam a22001931i 4500
001 000030287
003 RuMoIPM
005 20260413110552.0
008 130416s1967----ru | c rus
040 _aRuMoIPM
_brus
_ercr
041 0 _arus
080 _a51:1
100 1 _aКиселева, Нина Александровна
245 1 _aМатематика и действительность
_cН. А. Киселева
260 _aМосква
_bИзд-во МГУ
_c1967
300 _a124 с.
504 _aБиблиогр.: с. 118-123
942 _cBK
999 _c30287
_d30287